[Event "IECC M email"]
[Site "IECC email"]
[Date "1999.06.18"]
[Round "?"]
[White "Jonsson, Gudbrandur"]
[Black "Marsh, Bryan"]
[Result "1-0"]
[WhiteElo "1179"]
[BlackElo "1200"]
[PlyCount "67"]
[EventDate "1999.??.??"]
[EventType "tourn (corr)"]
[EventRounds "6"]
[SourceTitle "Corr 2008"]
[Source "ChessBase"]
[SourceDate "2008.06.24"]
[SourceVersion "1"]
[SourceVersionDate "2008.06.24"]
[SourceQuality "1"]

1. e4 d5 2. exd5 Nf6 3. d4 Bg4 4. f3 Bf5 5. Ne2 Nxd5 6. g4 Be6 7. c4 Nb4 8. d5 Bd7 9. a3 N4a6 10. Bg5 h5 11. Qb3 Qc8 12. Nd2 hxg4 13. Bg2 c6 14. Rc1 Nc5 15. Qe3 Rh5 16. f4 e6 17. b4 Na4 18. 0-0 f6 19. Ng3 Rh8 20. dxe6 Bxe6 21. f5 fxg5 22. fxe6 Be7 23. Rf7 g6 24. Rxe7+ Kxe7 25. Qxg5+ Ke8 26. Qxg6+ Kd8 27. Qf6+ Kc7 28. Qe5+ Kd8 29. Qxh8+ Kc7 30. Qe5+ Kd8 31. Rf1 Qxe6 32. Qxe6 Nd7 33. Qg8+ Kc7 34. Qxa8 1-0